| 000 | 00594nam a2200217Ia 4500 | ||
|---|---|---|---|
| 005 | 20250508152159.0 | ||
| 008 | 008 250505s9999 xx 000 0 eng d | ||
| 037 | _aTextual | ||
| 040 |
_aFEDL _beng _cFEDL |
||
| 041 |
_aeng _2eng |
||
| 084 |
_a025.21, HAI _qFEDL |
||
| 100 | _aHaines Helen E | ||
| 245 | 0 | _aLiving with books: The art of book selection | |
| 250 | _a2 | ||
| 260 |
_aNew York, USA _bColumbia University Press _c1935 |
||
| 300 | _axxiii,610p. | ||
| 365 |
_aUSD _b5 |
||
| 650 | _aLibrary Science | ||
| 942 |
_cTEXL _h025.21, HAI |
||
| 999 |
_c1334803 _d1334803 |
||